| 000 | 00409nam a2200157Ia 4500 | ||
|---|---|---|---|
| 005 | 20250405105027.0 | ||
| 008 | 240331s9999 xx 000 0 und d | ||
| 020 | _a9789555011501 | ||
| 082 |
_bSIV _a894 |
||
| 100 | _aSivasubramaniam, T | ||
| 245 | 0 | _aMutpokku ilakkiyach chemmalkal | |
| 260 |
_aColombo _bIlankai mutpoku kalai ilakkiya peravai _c2007 |
||
| 300 | _a104 p .,e | ||
| 650 | _aEssays | ||
| 942 | _cL | ||
| 999 |
_c4104 _d4104 |
||